<?xml version="1.0" encoding="UTF-8"?>
<collection xmlns="http://www.loc.gov/MARC21/slim">
 <record>
  <leader>01459nam a22001937a 4500</leader>
  <controlfield tag="001">NCT_4_025375</controlfield>
  <controlfield tag="008">250712b        xxu||||| |||| 00| 0 vie d</controlfield>
  <datafield tag="999" ind1=" " ind2=" ">
   <subfield code="c">9252</subfield>
   <subfield code="d">9252</subfield>
  </datafield>
  <datafield tag="020" ind1=" " ind2=" ">
   <subfield code="a">9786045798904</subfield>
   <subfield code="c">28000</subfield>
  </datafield>
  <datafield tag="082" ind1="0" ind2="4">
   <subfield code="2">23rd ed.</subfield>
   <subfield code="a">342.023</subfield>
   <subfield code="b">H305</subfield>
  </datafield>
  <datafield tag="245" ind1="0" ind2="0">
   <subfield code="a">Hiến pháp nước Cộng hoà xã hội chủ nghĩa Việt Nam</subfield>
  </datafield>
  <datafield tag="260" ind1=" " ind2=" ">
   <subfield code="a">H.</subfield>
   <subfield code="b">Chính trị Quốc gia sự thật</subfield>
   <subfield code="c">2024</subfield>
  </datafield>
  <datafield tag="300" ind1=" " ind2=" ">
   <subfield code="a">92 tr.</subfield>
   <subfield code="c">18 cm</subfield>
  </datafield>
  <datafield tag="520" ind1="3" ind2=" ">
   <subfield code="a">Trình bày nội dung Hiến pháp nước Cộng hoà xã hội chủ nghĩa Việt Nam: quy định về chế độ chính trị; quyền con người, quyền và nghĩa vụ cơ bản của công dân; kinh tế, xã hội, văn hóa, giáo dục, khoa học, công nghệ và môi trường; bảo vệ Tổ quốc; Quốc hội; Chủ tịch nước; Chính phủ; Tòa án nhân dân; Viện kiểm sát nhân dân; chính quyền địa phương; Hội đồng bầu cử quốc gia, Kiểm toán nhà nước; hiệu lực của Hiến pháp và việc sửa đổi Hiến pháp.</subfield>
  </datafield>
  <datafield tag="653" ind1=" " ind2=" ">
   <subfield code="a">Luật học</subfield>
  </datafield>
  <datafield tag="655" ind1=" " ind2="7">
   <subfield code="a">Văn bản pháp luật</subfield>
  </datafield>
  <datafield tag="942" ind1=" " ind2=" ">
   <subfield code="2">ddc</subfield>
   <subfield code="c">BK</subfield>
  </datafield>
  <datafield tag="952" ind1=" " ind2=" ">
   <subfield code="0">0</subfield>
   <subfield code="1">0</subfield>
   <subfield code="2">ddc</subfield>
   <subfield code="4">0</subfield>
   <subfield code="6">342_023000000000000_H305</subfield>
   <subfield code="7">0</subfield>
   <subfield code="9">31280</subfield>
   <subfield code="a">000001</subfield>
   <subfield code="b">000001</subfield>
   <subfield code="d">2025-07-12</subfield>
   <subfield code="o">342.023 H305</subfield>
   <subfield code="p">MD.24324</subfield>
   <subfield code="r">2025-07-12</subfield>
   <subfield code="v">28000.00</subfield>
   <subfield code="w">2025-07-12</subfield>
   <subfield code="y">BK</subfield>
  </datafield>
  <datafield tag="980" ind1=" " ind2=" ">
   <subfield code="a">Thư viện Trường Đại học Nam Cần Thơ</subfield>
  </datafield>
 </record>
</collection>
